000 00808nam a2200193Ii 4500
003 JO-AjNU
008 230605s9999||||xx |||||||||||||| ||und||
040 _aJO-AjNU
_bara
_erda
_cJO-AjNU
041 _aara
050 1 4 _aTD795.7.G4612 2002
100 3 _aترجمه عمران ، منذر،ترجمة سعيد العاقل ؛مراجعة: فارش شقير، نزيه يانس ،محمود نصر ,
_eauthor
_951253
245 0 0 _aجيو تقنية مكبات النفايات ومطامرها
264 3 1 _aدمشق ، المركز العربي للتعريب والترجمة ،2002
300 _a831ص
336 _atext
_btxt
_2rdacontent
337 _aunmediated
_bn
_2rdamedia
338 _avolume
_bnc
_2rdacarrier
650 4 _aالهندسة الصحية -النفايات- معالجة
_951254
999 _aA22627
_c26195
_d26195